[Event "Campeonato de España Rapid 2017"]
[Site "Linares"]
[Date "2017.08.13"]
[Round "5"]
[White "Espinosa Aranda, Angel"]
[Black "Alsina Leal, Daniel"]
[Result "0-1"]
[Board "7"]
[WhiteTitle "IM"]
[WhiteElo "2425"]
[WhiteCountry "ESP"]
[WhiteFideId "2278189"]
[WhiteEloChange "-4"]
[BlackTitle "GM"]
[BlackElo "2531"]
[BlackCountry "ESP"]
[BlackFideId "2252627"]
[BlackEloChange "4"]

1. Nf3 {[%clk 0:15:05]} Nf6 {[%clk 0:14:05]} 2. g3 {[%clk 0:15:07]} g6 {[%clk
0:14:08]} 3. b4 {[%clk 0:15:10]} Bg7 {[%clk 0:14:10]} 4. Bb2 {[%clk 0:15:14]} O-O
{[%clk 0:14:07]} 5. Bg2 {[%clk 0:15:17]} d6 {[%clk 0:13:54]} 6. d4 {[%clk
0:14:49]} e5 {[%clk 0:13:09]} 7. dxe5 {[%clk 0:14:27]} Ng4 {[%clk 0:13:11]} 8.
Nbd2 {[%clk 0:11:40]} Nc6 {[%clk 0:12:48]} 9. Qc1 {[%clk 0:11:27]} Ngxe5 {[%clk
0:10:21]} 10. Nxe5 {[%clk 0:11:23]} dxe5 {[%clk 0:10:22]} 11. a3 {[%clk 0:11:02]}
a5 {[%clk 0:09:14]} 12. b5 {[%clk 0:10:29]} Nd4 {[%clk 0:09:16]} 13. a4 {[%clk
0:09:13]} Bf5 {[%clk 0:08:28]} 14. Ne4 {[%clk 0:08:41]} Bg4 {[%clk 0:07:47]} 15.
f3 {[%clk 0:07:26]} Be6 {[%clk 0:07:25]} 16. e3 {[%clk 0:07:18]} Nf5 {[%clk
0:05:12]} 17. O-O {[%clk 0:07:20]} c6 {[%clk 0:04:45]} 18. Ba3 {[%clk 0:06:38]}
Re8 {[%clk 0:04:47]} 19. Rd1 {[%clk 0:06:27]} Qc7 {[%clk 0:04:48]} 20. g4 {[%clk
0:05:07]} Nh4 {[%clk 0:04:09]} 21. Bd6 {[%clk 0:04:44]} Qc8 {[%clk 0:03:58]} 22.
b6 {[%clk 0:04:21]} Bd5 {[%clk 0:01:42]} 23. h3 {[%clk 0:03:16]} f5 {[%clk
0:01:46]} 24. Nd2 {[%clk 0:01:57]} fxg4 {[%clk 0:01:48]} 25. e4 {[%clk 0:01:25]}
gxf3 {[%clk 0:01:35]} 26. Nxf3 {[%clk 0:01:28]} Nxg2 {[%clk 0:01:33]} 27. exd5
{[%clk 0:01:13]} Nf4 {[%clk 0:01:15]} 28. Qd2 {[%clk 0:00:43]} Qxh3 {[%clk
0:01:06]} 29. Qf2 {[%clk 0:00:48]} cxd5 {[%clk 0:01:04]} 30. Ra3 {[%clk 0:00:52]}
Qg4+ {[%clk 0:01:03]} 31. Kf1 {[%clk 0:00:49]} Re6 {[%clk 0:00:53]} 32. Bc5
{[%clk 0:00:30]} e4 {[%clk 0:00:46]} 33. Re1 {[%clk 0:00:26]} exf3 {[%clk
0:00:44]} 34. Rxe6 {[%clk 0:00:24]} Qg2+ {[%clk 0:00:38]} 35. Ke1 {[%clk
0:00:16]} Qxf2+ {[%clk 0:00:38]} 36. Bxf2 {[%clk 0:00:17]} Nxe6 {[%clk 0:00:42]}
37. Rxf3 {[%clk 0:00:19]} Rc8 {[%clk 0:00:45]} 38. Kd1 {[%clk 0:00:19]} Bd4
{[%clk 0:00:38]} 0-1

[Event "Campeonato de España Rapid 2017"]
[Site "Linares"]
[Date "2017.08.13"]
[Round "5"]
[White "Martinez Duany, Lelys Stanley"]
[Black "Montoliu Cervero, Francisco"]
[Result "1-0"]
[Board "8"]
[WhiteTitle "GM"]
[WhiteElo "2615"]
[WhiteCountry "CUB"]
[WhiteFideId "3504727"]
[WhiteEloChange "2"]
[BlackTitle "FM"]
[BlackElo "2358"]
[BlackCountry "ESP"]
[BlackFideId "2214814"]
[BlackEloChange "-4"]

1. Nf3 {[%clk 0:15:09]} Nf6 {[%clk 0:15:07]} 2. c4 {[%clk 0:15:12]} c6 {[%clk
0:15:09]} 3. d4 {[%clk 0:15:11]} d5 {[%clk 0:15:12]} 4. Qc2 {[%clk 0:15:14]} dxc4
{[%clk 0:15:09]} 5. Qxc4 {[%clk 0:15:18]} Bf5 {[%clk 0:15:13]} 6. g3 {[%clk
0:15:20]} Nbd7 {[%clk 0:15:09]} 7. Bg2 {[%clk 0:15:15]} e6 {[%clk 0:15:12]} 8.
O-O {[%clk 0:15:18]} Be7 {[%clk 0:15:13]} 9. Nc3 {[%clk 0:15:20]} O-O {[%clk
0:15:14]} 10. Re1 {[%clk 0:15:09]} Ne4 {[%clk 0:14:57]} 11. Qb3 {[%clk 0:15:12]}
Nb6 {[%clk 0:14:20]} 12. a4 {[%clk 0:13:51]} Nxc3 {[%clk 0:13:02]} 13. bxc3
{[%clk 0:13:16]} Qd5 {[%clk 0:12:07]} 14. Nd2 {[%clk 0:13:02]} Qxb3 {[%clk
0:12:00]} 15. Nxb3 {[%clk 0:13:05]} Bc2 {[%clk 0:12:08]} 16. Na5 {[%clk 0:13:03]}
Rab8 {[%clk 0:12:03]} 17. Bf4 {[%clk 0:13:04]} Rbc8 {[%clk 0:11:30]} 18. Nxb7
{[%clk 0:13:00]} Bxa4 {[%clk 0:11:16]} 19. Nc5 {[%clk 0:12:30]} Bb5 {[%clk
0:10:40]} 20. Rxa7 {[%clk 0:12:30]} Nd5 {[%clk 0:07:48]} 21. Bd2 {[%clk 0:09:15]}
Bxc5 {[%clk 0:07:46]} 22. dxc5 {[%clk 0:09:18]} Ra8 {[%clk 0:07:39]} 23. Rxa8
{[%clk 0:09:11]} Rxa8 {[%clk 0:07:49]} 24. e4 {[%clk 0:09:04]} Nf6 {[%clk
0:06:44]} 25. Bf4 {[%clk 0:08:57]} Nd7 {[%clk 0:06:38]} 26. Bd6 {[%clk 0:08:47]}
Ra3 {[%clk 0:06:27]} 27. Rc1 {[%clk 0:08:47]} Bc4 {[%clk 0:05:27]} 28. e5 {[%clk
0:08:45]} Ra5 {[%clk 0:04:17]} 29. Bxc6 {[%clk 0:07:10]} Nxc5 {[%clk 0:04:18]}
30. Rb1 {[%clk 0:06:44]} Nb3 {[%clk 0:03:38]} 31. Rd1 {[%clk 0:06:43]} Be2 {[%clk
0:03:13]} 32. Re1 {[%clk 0:06:37]} Bc4 {[%clk 0:03:05]} 33. Bb4 {[%clk 0:06:39]}
Ra6 {[%clk 0:03:00]} 34. Rd1 {[%clk 0:06:41]} h6 {[%clk 0:02:41]} 35. Be4 {[%clk
0:06:40]} Ra1 {[%clk 0:02:22]} 36. Rxa1 {[%clk 0:06:32]} Nxa1 {[%clk 0:02:25]}
37. f4 {[%clk 0:06:28]} Nb3 {[%clk 0:02:19]} 38. Kf2 {[%clk 0:06:29]} f5 {[%clk
0:02:12]} 39. exf6 {[%clk 0:06:26]} gxf6 {[%clk 0:02:15]} 40. Ke3 {[%clk
0:06:29]} Kf7 {[%clk 0:02:14]} 41. Bd3 {[%clk 0:06:30]} Bd5 {[%clk 0:02:07]} 42.
c4 {[%clk 0:06:32]} Bb7 {[%clk 0:01:58]} 43. Bc2 {[%clk 0:06:33]} Na1 {[%clk
0:01:50]} 44. Bd1 {[%clk 0:06:23]} Ba6 {[%clk 0:01:41]} 45. Bc3 {[%clk 0:06:19]}
1-0

[Event "Campeonato de España Rapid 2017"]
[Site "Linares"]
[Date "2017.08.13"]
[Round "5"]
[White "Saric, Ivan"]
[Black "Tejedor Fuente, Enrique"]
[Result "1-0"]
[Board "9"]
[WhiteTitle "GM"]
[WhiteElo "2586"]
[WhiteCountry "CRO"]
[WhiteFideId "14508150"]
[WhiteEloChange "2"]
[BlackTitle "FM"]
[BlackElo "2313"]
[BlackCountry "ESP"]
[BlackFideId "2299100"]
[BlackEloChange "-3"]

1. e4 {[%clk 0:13:48]} c5 {[%clk 0:15:02]} 2. Nf3 {[%clk 0:13:52]} d6 {[%clk
0:14:57]} 3. g3 {[%clk 0:13:52]} Nf6 {[%clk 0:14:56]} 4. c3 {[%clk 0:13:54]} Nbd7
{[%clk 0:14:52]} 5. d3 {[%clk 0:13:56]} b6 {[%clk 0:14:14]} 6. Bg2 {[%clk
0:14:00]} Bb7 {[%clk 0:14:17]} 7. O-O {[%clk 0:14:03]} g6 {[%clk 0:14:17]} 8. Re1
{[%clk 0:14:06]} Bg7 {[%clk 0:14:19]} 9. Nbd2 {[%clk 0:14:08]} O-O {[%clk
0:14:18]} 10. d4 {[%clk 0:14:09]} cxd4 {[%clk 0:13:49]} 11. cxd4 {[%clk 0:14:13]}
e5 {[%clk 0:12:40]} 12. d5 {[%clk 0:13:47]} Nc5 {[%clk 0:12:06]} 13. Bf1 {[%clk
0:13:48]} Ne8 {[%clk 0:11:07]} 14. b4 {[%clk 0:13:47]} Nd7 {[%clk 0:11:02]} 15.
a4 {[%clk 0:12:59]} f5 {[%clk 0:10:36]} 16. a5 {[%clk 0:13:03]} fxe4 {[%clk
0:10:19]} 17. Nxe4 {[%clk 0:13:05]} Ndf6 {[%clk 0:09:43]} 18. Bg5 {[%clk
0:13:03]} h6 {[%clk 0:06:17]} 19. Bxf6 {[%clk 0:13:01]} Nxf6 {[%clk 0:06:16]} 20.
a6 {[%clk 0:12:19]} Bc8 {[%clk 0:06:10]} 21. Nfd2 {[%clk 0:12:14]} Nxe4 {[%clk
0:05:31]} 22. Nxe4 {[%clk 0:12:18]} Bf5 {[%clk 0:05:34]} 23. Bg2 {[%clk 0:12:13]}
Rc8 {[%clk 0:05:25]} 24. Qe2 {[%clk 0:11:38]} Rf7 {[%clk 0:05:06]} 25. Rac1
{[%clk 0:11:34]} Rfc7 {[%clk 0:05:06]} 26. Rc6 {[%clk 0:11:29]} Rxc6 {[%clk
0:05:00]} 27. dxc6 {[%clk 0:11:33]} d5 {[%clk 0:04:55]} 28. Nc3 {[%clk 0:11:08]}
e4 {[%clk 0:04:08]} 29. Nb5 {[%clk 0:11:04]} Qe7 {[%clk 0:03:06]} 30. Qd2 {[%clk
0:10:35]} Be6 {[%clk 0:02:44]} 31. Rc1 {[%clk 0:10:21]} Bf8 {[%clk 0:02:03]} 32.
c7 {[%clk 0:09:52]} Qd7 {[%clk 0:01:36]} 33. Bf1 {[%clk 0:09:51]} Kh7 {[%clk
0:00:56]} 34. Nxa7 {[%clk 0:09:40]} Rxc7 {[%clk 0:00:58]} 35. Rxc7 {[%clk
0:09:43]} Qxc7 {[%clk 0:00:58]} 36. Nb5 {[%clk 0:09:46]} Qc6 {[%clk 0:00:20]} 37.
Nd4 {[%clk 0:09:41]} Qc8 {[%clk 0:00:08]} 38. a7 {[%clk 0:09:02]} Bd7 {[%clk
0:00:07]} 39. Qf4 {[%clk 0:08:51]} Kg8 {[%clk 0:00:06]} 40. Qb8 {[%clk 0:08:50]}
Qc1 {[%clk 0:00:06]} 1-0

[Event "Campeonato de España Rapid 2017"]
[Site "Linares"]
[Date "2017.08.13"]
[Round "5"]
[White "Blanco Acevedo, Cristobal Jose"]
[Black "Korneev, Oleg"]
[Result "1-0"]
[Board "10"]
[WhiteTitle "IM"]
[WhiteElo "2297"]
[WhiteCountry "VEN"]
[WhiteFideId "3900525"]
[WhiteEloChange "17"]
[BlackTitle "GM"]
[BlackElo "2577"]
[BlackCountry "ESP"]
[BlackFideId "4156803"]
[BlackEloChange "-8"]

1. e4 {[%clk 0:15:09]} c5 {[%clk 0:14:10]} 2. Nf3 {[%clk 0:15:10]} e6 {[%clk
0:14:15]} 3. d4 {[%clk 0:15:11]} cxd4 {[%clk 0:14:19]} 4. Nxd4 {[%clk 0:15:12]}
Nc6 {[%clk 0:14:24]} 5. Nc3 {[%clk 0:15:12]} Qc7 {[%clk 0:14:26]} 6. f4 {[%clk
0:15:06]} a6 {[%clk 0:14:23]} 7. Nxc6 {[%clk 0:15:07]} bxc6 {[%clk 0:14:17]} 8.
Bd3 {[%clk 0:15:08]} d5 {[%clk 0:14:18]} 9. Qe2 {[%clk 0:14:52]} Nf6 {[%clk
0:14:19]} 10. O-O {[%clk 0:14:27]} Be7 {[%clk 0:14:16]} 11. Kh1 {[%clk 0:14:20]}
O-O {[%clk 0:14:18]} 12. Bd2 {[%clk 0:14:31]} Bb7 {[%clk 0:14:07]} 13. Rae1
{[%clk 0:13:19]} dxe4 {[%clk 0:12:41]} 14. Nxe4 {[%clk 0:13:21]} c5 {[%clk
0:12:45]} 15. Ng5 {[%clk 0:11:41]} h6 {[%clk 0:10:50]} 16. Nf3 {[%clk 0:09:41]}
Rad8 {[%clk 0:05:23]} 17. Ne5 {[%clk 0:09:24]} Nd7 {[%clk 0:04:46]} 18. Ng6
{[%clk 0:07:24]} Rfe8 {[%clk 0:04:14]} 19. Nxe7+ {[%clk 0:06:41]} Rxe7 {[%clk
0:04:18]} 20. Bc3 {[%clk 0:06:25]} Nf8 {[%clk 0:03:30]} 21. f5 {[%clk 0:05:50]}
f6 {[%clk 0:03:14]} 22. fxe6 {[%clk 0:05:21]} Rxe6 {[%clk 0:03:09]} 23. Qg4
{[%clk 0:04:57]} Rxe1 {[%clk 0:03:02]} 24. Rxe1 {[%clk 0:04:55]} Qd6 {[%clk
0:00:45]} 25. h3 {[%clk 0:04:01]} Bc8 {[%clk 0:00:39]} 26. Bc4+ {[%clk 0:02:59]}
Kh8 {[%clk 0:00:43]} 27. Qe4 {[%clk 0:02:58]} Be6 {[%clk 0:00:06]} 28. Bxe6
{[%clk 0:01:10]} Re8 {[%clk 0:00:11]} 29. Qd5 {[%clk 0:00:49]} Rxe6 {[%clk
0:00:15]} 30. Qxd6 {[%clk 0:00:49]} Rxd6 {[%clk 0:00:19]} 31. Re8 {[%clk
0:00:57]} Kg8 {[%clk 0:00:24]} 32. Rc8 {[%clk 0:00:50]} Kf7 {[%clk 0:00:24]} 33.
Rxc5 {[%clk 0:01:03]} Ne6 {[%clk 0:00:33]} 34. Ra5 {[%clk 0:00:56]} Nf4 {[%clk
0:00:31]} 35. Bb4 {[%clk 0:00:50]} Re6 {[%clk 0:00:30]} 36. Bd2 {[%clk 0:00:36]}
Nxg2 {[%clk 0:00:22]} 37. Bxh6 {[%clk 0:00:22]} Re2 {[%clk 0:00:09]} 38. Bc1
{[%clk 0:00:13]} Rxc2 {[%clk 0:00:12]} 39. b4 {[%clk 0:00:14]} g5 {[%clk
0:00:10]} 40. Rc5 {[%clk 0:00:13]} Rxa2 {[%clk 0:00:11]} 41. b5 {[%clk 0:00:08]}
axb5 {[%clk 0:00:12]} 42. Rxb5 {[%clk 0:00:08]} 1-0

[Event "Campeonato de España Rapid 2017"]
[Site "Linares"]
[Date "2017.08.13"]
[Round "5"]
[White "Vega Gutierrez, Sabrina"]
[Black "Dvirnyy, Danyyil"]
[Result "0-1"]
[Board "11"]
[WhiteTitle "IM"]
[WhiteElo "2294"]
[WhiteCountry "ESP"]
[WhiteFideId "2219026"]
[WhiteEloChange "-4"]
[BlackTitle "GM"]
[BlackElo "2555"]
[BlackCountry "ITA"]
[BlackFideId "817570"]
[BlackEloChange "2"]

1. e4 {[%clk 0:15:06]} e6 {[%clk 0:15:09]} 2. d3 {[%clk 0:15:09]} c5 {[%clk
0:15:12]} 3. g3 {[%clk 0:15:12]} Nc6 {[%clk 0:15:16]} 4. Bg2 {[%clk 0:15:16]} g6
{[%clk 0:15:20]} 5. f4 {[%clk 0:15:19]} Bg7 {[%clk 0:15:24]} 6. Nf3 {[%clk
0:15:22]} Nge7 {[%clk 0:15:29]} 7. O-O {[%clk 0:15:22]} O-O {[%clk 0:15:25]} 8.
c3 {[%clk 0:15:24]} d6 {[%clk 0:15:13]} 9. Be3 {[%clk 0:15:22]} b6 {[%clk
0:14:49]} 10. Re1 {[%clk 0:14:35]} e5 {[%clk 0:14:27]} 11. Na3 {[%clk 0:14:05]}
h6 {[%clk 0:14:26]} 12. Nc2 {[%clk 0:14:06]} exf4 {[%clk 0:13:33]} 13. gxf4
{[%clk 0:10:04]} f5 {[%clk 0:13:20]} 14. Nh4 {[%clk 0:08:23]} fxe4 {[%clk
0:11:39]} 15. dxe4 {[%clk 0:07:46]} Be6 {[%clk 0:10:43]} 16. Qd2 {[%clk 0:06:04]}
Bf7 {[%clk 0:09:04]} 17. Na3 {[%clk 0:05:08]} Qd7 {[%clk 0:08:53]} 18. Qf2 {[%clk
0:03:55]} Rad8 {[%clk 0:07:35]} 19. Qg3 {[%clk 0:03:59]} Kh7 {[%clk 0:07:06]} 20.
Kh1 {[%clk 0:03:55]} d5 {[%clk 0:07:00]} 21. Rad1 {[%clk 0:02:35]} d4 {[%clk
0:07:05]} 22. cxd4 {[%clk 0:02:38]} Nxd4 {[%clk 0:07:08]} 23. b3 {[%clk 0:02:35]}
Ne2 {[%clk 0:06:10]} 24. Qf3 {[%clk 0:01:14]} Qxd1 {[%clk 0:06:13]} 25. Rxd1
{[%clk 0:01:18]} Rxd1+ {[%clk 0:06:16]} 26. Bf1 {[%clk 0:01:22]} Nc3 {[%clk
0:06:20]} 27. Nb5 {[%clk 0:01:09]} Ned5 {[%clk 0:05:46]} 28. Nxc3 {[%clk
0:00:57]} Nxc3 {[%clk 0:05:50]} 29. Kg2 {[%clk 0:00:25]} Bf6 {[%clk 0:04:39]} 30.
Bf2 {[%clk 0:00:10]} Rfd8 {[%clk 0:04:22]} 31. Bc4 {[%clk 0:00:12]} Bxc4 {[%clk
0:04:08]} 32. bxc4 {[%clk 0:00:16]} Bxh4 {[%clk 0:04:02]} 33. Bxh4 {[%clk
0:00:20]} R8d2+ {[%clk 0:04:06]} 34. Bf2 {[%clk 0:00:22]} Rd3 {[%clk 0:04:09]}
35. Qg4 {[%clk 0:00:12]} Nxe4 {[%clk 0:02:26]} 36. Qe6 {[%clk 0:00:16]} Nd6
{[%clk 0:02:21]} 37. Qe7+ {[%clk 0:00:09]} Kg8 {[%clk 0:02:25]} 38. Qe6+ {[%clk
0:00:10]} Kg7 {[%clk 0:02:29]} 39. Qe7+ {[%clk 0:00:07]} Nf7 {[%clk 0:02:32]} 40.
h4 {[%clk 0:00:07]} h5 {[%clk 0:02:25]} 41. Qxa7 {[%clk 0:00:08]} Rd6 {[%clk
0:02:31]} 42. a4 {[%clk 0:00:09]} Rf6 {[%clk 0:02:21]} 43. a5 {[%clk 0:00:08]}
Ra1 {[%clk 0:02:24]} 44. a6 {[%clk 0:00:10]} Rxf4 {[%clk 0:02:25]} 45. Qxb6
{[%clk 0:00:08]} Ra2 {[%clk 0:02:26]} 46. Qxc5 {[%clk 0:00:11]} Rxa6 {[%clk
0:02:18]} 47. Kg3 {[%clk 0:00:09]} Rg4+ {[%clk 0:02:00]} 48. Kf3 {[%clk 0:00:13]}
Rf6+ {[%clk 0:02:03]} 49. Ke3 {[%clk 0:00:07]} Rf5 {[%clk 0:02:02]} 50. Qa7
{[%clk 0:00:07]} Rxc4 {[%clk 0:01:58]} 51. Kd3 {[%clk 0:00:10]} Rc8 {[%clk
0:01:51]} 52. Bd4+ {[%clk 0:00:13]} Kh7 {[%clk 0:01:55]} 53. Qe7 {[%clk 0:00:13]}
Rd8 {[%clk 0:01:45]} 54. Ke3 {[%clk 0:00:16]} Kg8 {[%clk 0:01:40]} 55. Bb2 {[%clk
0:00:09]} Rb8 {[%clk 0:01:32]} 56. Bc3 {[%clk 0:00:09]} Rc8 {[%clk 0:01:22]} 57.
Bd4 {[%clk 0:00:10]} Kh7 {[%clk 0:01:19]} 58. Bb2 {[%clk 0:00:13]} Rb8 {[%clk
0:01:20]} 59. Bc3 {[%clk 0:00:17]} Rc8 {[%clk 0:01:24]} 60. Bd4 {[%clk 0:00:20]}
Rd8 {[%clk 0:01:17]} 61. Bb2 {[%clk 0:00:19]} Rdd5 {[%clk 0:01:20]} 62. Qf8
{[%clk 0:00:07]} Ne5 {[%clk 0:01:04]} 63. Qe7+ {[%clk 0:00:11]} Rf7 {[%clk
0:01:08]} 64. Qe6 {[%clk 0:00:08]} Ng4+ {[%clk 0:01:03]} 65. Ke2 {[%clk 0:00:06]}
Rdd7 {[%clk 0:01:02]} 66. Ba3 {[%clk 0:00:09]} Nh6 {[%clk 0:00:55]} 67. Bb4
{[%clk 0:00:12]} Nf5 {[%clk 0:00:59]} 68. Qa6 {[%clk 0:00:06]} Nd4+ {[%clk
0:00:58]} 69. Kd3 {[%clk 0:00:06]} Nc6+ {[%clk 0:00:55]} 70. Kc4 {[%clk 0:00:00]}
Rf4+ {[%clk 0:00:55]} 0-1

[Event "Campeonato de España Rapid 2017"]
[Site "Linares"]
[Date "2017.08.13"]
[Round "5"]
[White "Del Rio De Angelis, Salvador G."]
[Black "Suarez Gomez, Julio"]
[Result "0-1"]
[Board "12"]
[WhiteTitle "GM"]
[WhiteElo "2542"]
[WhiteCountry "ESP"]
[WhiteFideId "2203138"]
[WhiteEloChange "-8"]
[BlackTitle "FM"]
[BlackElo "2305"]
[BlackCountry "ESP"]
[BlackFideId "22275991"]
[BlackEloChange "16"]

1. d4 {[%clk 0:15:08]} d5 {[%clk 0:15:06]} 2. c4 {[%clk 0:15:11]} e6 {[%clk
0:15:08]} 3. Nc3 {[%clk 0:15:15]} a6 {[%clk 0:15:06]} 4. cxd5 {[%clk 0:14:53]}
exd5 {[%clk 0:15:09]} 5. Qb3 {[%clk 0:14:49]} c6 {[%clk 0:14:59]} 6. Nf3 {[%clk
0:14:52]} Nf6 {[%clk 0:14:57]} 7. Bg5 {[%clk 0:14:54]} Be7 {[%clk 0:14:59]} 8. e3
{[%clk 0:14:58]} O-O {[%clk 0:14:53]} 9. Bd3 {[%clk 0:14:56]} Nbd7 {[%clk
0:14:57]} 10. O-O {[%clk 0:14:52]} Ne4 {[%clk 0:14:53]} 11. Bxe7 {[%clk 0:12:09]}
Qxe7 {[%clk 0:14:56]} 12. Qc2 {[%clk 0:12:13]} Re8 {[%clk 0:12:15]} 13. Rab1
{[%clk 0:11:34]} Ndf6 {[%clk 0:11:38]} 14. Ne5 {[%clk 0:11:31]} Bf5 {[%clk
0:10:51]} 15. Na4 {[%clk 0:10:31]} g6 {[%clk 0:09:09]} 16. b4 {[%clk 0:10:25]}
Nd6 {[%clk 0:08:56]} 17. Bxf5 {[%clk 0:10:07]} Nxf5 {[%clk 0:09:00]} 18. Nc5
{[%clk 0:10:00]} Nd6 {[%clk 0:08:51]} 19. a4 {[%clk 0:09:37]} Rec8 {[%clk
0:07:58]} 20. a5 {[%clk 0:09:07]} Nfe4 {[%clk 0:07:44]} 21. f3 {[%clk 0:08:00]}
Nxc5 {[%clk 0:07:34]} 22. bxc5 {[%clk 0:08:04]} Nf5 {[%clk 0:07:24]} 23. Rfe1
{[%clk 0:07:35]} f6 {[%clk 0:07:11]} 24. Ng4 {[%clk 0:07:19]} Rc7 {[%clk
0:06:38]} 25. Qc3 {[%clk 0:06:01]} Rd8 {[%clk 0:06:21]} 26. e4 {[%clk 0:05:22]}
dxe4 {[%clk 0:06:25]} 27. Rxe4 {[%clk 0:05:25]} Qg7 {[%clk 0:05:37]} 28. Rbe1
{[%clk 0:03:58]} h5 {[%clk 0:05:41]} 29. Ne3 {[%clk 0:03:35]} Nxe3 {[%clk
0:04:53]} 30. R1xe3 {[%clk 0:03:39]} Qf7 {[%clk 0:04:36]} 31. g4 {[%clk 0:03:02]}
Rd5 {[%clk 0:04:00]} 32. Qe1 {[%clk 0:02:55]} Rdd7 {[%clk 0:03:20]} 33. Qg3
{[%clk 0:02:38]} hxg4 {[%clk 0:02:47]} 34. fxg4 {[%clk 0:02:38]} Re7 {[%clk
0:02:38]} 35. Rxe7 {[%clk 0:01:46]} Rxe7 {[%clk 0:02:41]} 36. Qb8+ {[%clk
0:01:50]} Kg7 {[%clk 0:02:42]} 37. Rh3 {[%clk 0:01:51]} Re1+ {[%clk 0:02:33]} 38.
Kf2 {[%clk 0:01:55]} Re8 {[%clk 0:02:37]} 39. Qf4 {[%clk 0:01:12]} Qa2+ {[%clk
0:02:41]} 0-1

[Event "Campeonato de España Rapid 2017"]
[Site "Linares"]
[Date "2017.08.13"]
[Round "5"]
[White "Ljubojevic, Ljubomir"]
[Black "Gutierrez Olivares, Daniel"]
[Result "1-0"]
[Board "13"]
[WhiteTitle "GM"]
[WhiteElo "2524"]
[WhiteCountry "SRB"]
[WhiteFideId "900010"]
[WhiteEloChange "2"]
[BlackTitle "FM"]
[BlackElo "2269"]
[BlackCountry "ESP"]
[BlackFideId "2264005"]
[BlackEloChange "-4"]

1. d4 {[%clk 0:15:09]} Nf6 {[%clk 0:14:24]} 2. c4 {[%clk 0:15:12]} e6 {[%clk
0:14:27]} 3. Nf3 {[%clk 0:15:14]} c5 {[%clk 0:14:27]} 4. Nc3 {[%clk 0:15:11]}
cxd4 {[%clk 0:14:16]} 5. Nxd4 {[%clk 0:15:15]} a6 {[%clk 0:14:19]} 6. a3 {[%clk
0:14:48]} Qc7 {[%clk 0:13:29]} 7. e4 {[%clk 0:14:42]} d6 {[%clk 0:13:06]} 8. Be2
{[%clk 0:14:43]} Nbd7 {[%clk 0:13:05]} 9. O-O {[%clk 0:14:44]} Be7 {[%clk
0:13:07]} 10. Be3 {[%clk 0:14:46]} O-O {[%clk 0:12:53]} 11. Rc1 {[%clk 0:14:48]}
b6 {[%clk 0:12:54]} 12. f3 {[%clk 0:14:35]} Bb7 {[%clk 0:12:55]} 13. Qd2 {[%clk
0:14:20]} Rac8 {[%clk 0:12:45]} 14. Rfd1 {[%clk 0:14:17]} Qb8 {[%clk 0:12:29]}
15. Bf1 {[%clk 0:14:18]} Bd8 {[%clk 0:12:04]} 16. Qf2 {[%clk 0:13:05]} Bc7 {[%clk
0:11:51]} 17. Qh4 {[%clk 0:12:50]} Ne5 {[%clk 0:11:40]} 18. Qh3 {[%clk 0:12:40]}
Ng6 {[%clk 0:11:10]} 19. Bg5 {[%clk 0:12:23]} Nd7 {[%clk 0:09:46]} 20. Nde2
{[%clk 0:11:04]} h6 {[%clk 0:09:23]} 21. Be3 {[%clk 0:11:06]} Nf6 {[%clk
0:09:25]} 22. Ng3 {[%clk 0:10:58]} Rcd8 {[%clk 0:08:08]} 23. Nh5 {[%clk 0:11:01]}
Nxh5 {[%clk 0:05:38]} 24. Qxh5 {[%clk 0:11:04]} Bc6 {[%clk 0:04:50]} 25. Kh1
{[%clk 0:09:47]} Be8 {[%clk 0:04:53]} 26. Rd2 {[%clk 0:09:03]} f5 {[%clk
0:04:14]} 27. exf5 {[%clk 0:09:01]} Ne5 {[%clk 0:03:46]} 28. Qh3 {[%clk 0:08:43]}
Rxf5 {[%clk 0:03:50]} 29. f4 {[%clk 0:08:21]} Ng6 {[%clk 0:03:13]} 30. g3 {[%clk
0:05:45]} Bc6+ {[%clk 0:02:25]} 31. Kg1 {[%clk 0:05:47]} d5 {[%clk 0:02:03]} 32.
cxd5 {[%clk 0:05:20]} exd5 {[%clk 0:01:31]} 33. Qxf5 {[%clk 0:05:22]} Rd6 {[%clk
0:00:51]} 34. Bd4 {[%clk 0:04:50]} Bd7 {[%clk 0:00:48]} 35. Qh5 {[%clk 0:04:44]}
Qc8 {[%clk 0:00:40]} 36. Nxd5 {[%clk 0:04:37]} Bg4 {[%clk 0:00:20]} 37. Qxg6
{[%clk 0:04:41]} 1-0

[Event "Campeonato de España Rapid 2017"]
[Site "Linares"]
[Date "2017.08.13"]
[Round "5"]
[White "Forcen Esteban, Daniel"]
[Black "Senlle Caride, Miguel"]
[Result "1-0"]
[Board "14"]
[WhiteTitle "GM"]
[WhiteElo "2523"]
[WhiteCountry "ESP"]
[WhiteFideId "2288230"]
[WhiteEloChange "2"]
[BlackTitle "FM"]
[BlackElo "2298"]
[BlackCountry "ESP"]
[BlackFideId "2282500"]
[BlackEloChange "-4"]

1. e4 {[%clk 0:15:05]} e5 {[%clk 0:15:05]} 2. Nf3 {[%clk 0:15:05]} Nc6 {[%clk
0:15:05]} 3. Bb5 {[%clk 0:15:05]} a6 {[%clk 0:15:05]} 4. Ba4 {[%clk 0:15:05]} Nf6
{[%clk 0:15:05]} 5. O-O {[%clk 0:15:05]} b5 {[%clk 0:15:05]} 6. Bb3 {[%clk
0:15:05]} Bc5 {[%clk 0:15:05]} 7. c3 {[%clk 0:15:05]} d6 {[%clk 0:15:05]} 8. d4
{[%clk 0:15:05]} Bb6 {[%clk 0:15:05]} 9. a4 {[%clk 0:15:05]} Bg4 {[%clk 0:14:09]}
10. h3 {[%clk 0:14:11]} Bxf3 {[%clk 0:14:02]} 11. Qxf3 {[%clk 0:14:05]} exd4
{[%clk 0:14:02]} 12. Bg5 {[%clk 0:14:05]} Ne5 {[%clk 0:12:01]} 13. Qd1 {[%clk
0:13:22]} h6 {[%clk 0:02:19]} 14. Bxf6 {[%clk 0:13:22]} Qxf6 {[%clk 0:02:19]} 15.
axb5 {[%clk 0:13:22]} a5 {[%clk 0:02:12]} 16. Kh1 {[%clk 0:13:15]} Nd7 {[%clk
0:01:32]} 17. Bd5 {[%clk 0:13:09]} Rd8 {[%clk 0:01:32]} 18. cxd4 {[%clk 0:12:40]}
Bxd4 {[%clk 0:01:32]} 19. Rxa5 {[%clk 0:12:40]} Bb6 {[%clk 0:01:26]} 20. Ra3
{[%clk 0:12:11]} O-O {[%clk 0:01:26]} 21. b4 {[%clk 0:12:11]} Qe5 {[%clk
0:00:45]} 22. Nd2 {[%clk 0:12:04]} Nf6 {[%clk 0:00:45]} 23. Nc4 {[%clk 0:11:57]}
Qd4 {[%clk 0:00:39]} 24. Nxb6 {[%clk 0:11:57]} Qxb6 {[%clk 0:00:39]} 25. Bc6
{[%clk 0:11:57]} d5 {[%clk 0:00:21]} 26. exd5 {[%clk 0:11:05]} Ne4 {[%clk
0:00:21]} 27. Kg1 {[%clk 0:11:05]} Nd6 {[%clk 0:00:14]} 28. Ra6 {[%clk 0:11:05]}
Qb8 {[%clk 0:00:14]} 29. Qd3 {[%clk 0:10:59]} Nc8 {[%clk 0:00:08]} 30. Ra8 {[%clk
0:10:52]} Qb6 {[%clk 0:00:08]} 31. Rfa1 {[%clk 0:10:52]} Ne7 {[%clk 0:00:02]} 32.
Rxd8 {[%clk 0:10:35]} Rxd8 {[%clk 0:00:02]} 33. Ra6 {[%clk 0:10:35]} 1-0